000 00536cam a2200217 a 4500
001 1005741
005 20180115074714.0
008 870812s1988 mau b 001 0 eng
010 _a 87022855
020 _a0316817589
040 _aDLC
_cDLC
_dDLC
041 _aeng
080 _a183.2 STO
082 0 0 _a183.2 STO
_219
100 1 _a24
101 _aFIL
245 1 4 _aThe trial of Socrates /
_cI.F. Stone.
504 _aBibliography: p. [249]-267.
906 _a7
_bcbc
_corignew
_d1
_eocip
_f19
_gy-gencatlg
942 _2ddc
_cBK
999 _c40287
_d40287